Profilo istituzionale del processo privato romano

Uloženo v:
Podrobná bibliografie
Hlavní autor: Cannata, Carlo Augusto (Autor)
Médium: Kniha
Jazyk:italština
Vydáno: Turín G. Giappichelli 1980
Témata:
Tagy: Přidat tag
Žádné tagy, Buďte první, kdo vytvoří štítek k tomuto záznamu!

MARC

LEADER 00000nam a2200000 a 4500
001 UCV2734
003 CL-VaPUC
008 921103e19800000IT |||||||||||||||||ita|d
082 0 4 |a 340.54  |b CAN  |2 21 
100 0 |a Cannata, Carlo Augusto  |e author  |9 297014 
245 1 0 |a Profilo istituzionale del processo privato romano 
300 |a 2 v 
942 |c BK 
945 |d 19921103 00:00:00 
260 |a Turín  |b G. Giappichelli  |c 1980 
650 0 |a Derecho romano  |9 255930 
583 |a last modification  |c 19921103 00:00:00  |k Rodrigo Vera 
999 |c 210235  |d 210233 
952 |0 0  |1 0  |4 0  |6 340_540000000000000_CAN_1980  |7 0  |8 DER_ROM  |9 186318  |a BIBDER  |b BIBDER  |d 2019-11-14  |h v.1  |i 2537842  |l 1  |o 340.54 CAN 1980  |p 2537842  |r 2023-01-25  |s 2020-03-19  |w 2019-11-14  |x Ubicación 4to piso  |y BK  |z Este recurso debe solicitarse con anticipación  |k DER 
952 |0 0  |1 0  |4 0  |6 340_540000000000000_CAN_1980  |7 0  |8 DER_ROM  |9 186319  |a BIBDER  |b BIBDER  |d 2019-11-14  |h v.2  |i 2537850  |l 1  |o 340.54 CAN 1980  |p 2537850  |r 2023-01-25  |s 2020-03-19  |w 2019-11-14  |x Ubicación 4to piso  |y BK  |z Este recurso debe solicitarse con anticipación  |k DER